1770 1613 1347 1687 1439 1795 1333 1027 1671 1306 1652 1843 1930 1768 1723 1530 1789 1502 1525 1652 1911 1314 1118 1908 1856 1619 1129 1423 1306 1377 1902 1522 1049 1827 1213 1539 1924 1368 1194 1832 1489 1557 1912 1678 1171 1247 1962 1764 1794 1585 1068 1132 1978 1034 1777 1221 1318 1885 1759 1448 1618 1003 1464 1591 1358 1265 1299 1418 1899 1448 1320 1941 1448 1868 1388 1136 1010 1585 1908 1733 1351 1692 1396 1928 1563 1970 1045 1521 1736 1699 1705 1129 1975 1190 1889 1148 1921 1891 1950 BCNSPRNW ULIB Ver.6.0+V

เปลี่ยนเป็นภาษาไทย

Change to English
 แสดงรายละเอียดบรรณานุกรม
  กลับหน้าหลัก

Brief Record : Get Marc (ISO 2709) : E-mail record : QR code < ปิดหน้าต่าง
LEADER : 00000nam 2200000uu 4500
001    13399113817
003     ULIB
008    120109s||||||||th 000 0 tha d
022 0  ^a08576521
060 04 ^aWA900^bภ493A
110 2  ^aสำนักระบาดวิทยา กรมควบคุมโรค กระทรวงสาธารณสุข
245 10 ^aสรุปรายงานการเฝ้าระวังโรค 2553 =^bAnnual epidemiologicalsurveillance report 2008 /^cสำนักระบาดวิทยา กรมควบคุมโรค กระทรวงสาธารณสุข
246 14 ^aAnnual summary
246 31 ^aAnnual epidemiological surveillance report ...
260    ^aกรุงเทพฯ :^bกองระบาดวิทยา ,^c2554
300    ^a356 หน้า :^bภาพประกอบ ;^c29 ซม.
650  2 ^aEpidemiology^xyearbooks
650  7 ^aระบาดวิทยา^vหนังสือรายปี
650  7 ^aระบาดวิทยา^vสถิติ
710 2  ^aสำนักระบาดวิทยา
710 2  ^aกรมควบคุมโรค. ^bสำนักระบาดวิทยา
945    ^p0^l0^i030893
945    ^p0^l0^i030894
995    ^a เกษร
999    ^aใช้งานได้ทุกระบบ
รายการนี้ยังไม่มีแท็ก
คุณยังไม่ได้ล็อกอิน คุณสามารถมีกิจกรรมร่วมกับเว็บไซต์ได้ แต่ต้องล็อกอินก่อน ::
  ล็อกอิน

รายการสื่อสารสนเทศ

ลำดับที่ ประเภท เลขเรียก/บาร์โค้ด สถานที่ สถานะ
1. วิทยาศาสตร์การแพทย์ และสุขภาพ
หนังสือสำรอง
สถานะ=หนังสือสำรอง
WA900 ภ493A ฉ.1 
  Barcode: 030893
ห้องสมุดวิทยาเขตสวรรค์ประชารักษ์
►ส่วนจัดเก็บหนังสือเก่า สปร
บนชั้น
  ขอยืม
2. วิทยาศาสตร์การแพทย์ และสุขภาพ
วิทยาศาสตร์การแพทย์ และสุขภาพ
WA900 ภ493A ฉ.2 
  Barcode: 030894
ห้องสมุดวิทยาเขตสวรรค์ประชารักษ์
►ส่วนจัดเก็บหนังสือเก่า สปร
บนชั้น
  ขอยืม

BibComment


ยังไม่เคยถูกคอมเมนท์

คอมเมนท์ทรัพยากรรายการนี้
  คอมเมนท์: สรุปรายงานการเฝ้..


 Copyright 2026. Bcnsprnw @Library